书目信息 |
| 题名: |
电控发动机原理与检修
|
|
| 作者: | 赵振宁 主编 | |
| 分册: | ||
| 出版信息: | 北京 北京理工大学出版社 2008.06 |
|
| 页数: | 245页 | |
| 开本: | 26cm | |
| 丛书名: | ||
| 单 册: | ||
| 中图分类: | U464 | |
| 科图分类: | ||
| 主题词: | 汽车--qi che--电子控制--发动机--理论--高等学校--技术学校--教材 , 汽车--qi che--电子控制--发动机--检修--高等学校--技术学校--教材 | |
| 电子资源: | ||
| ISBN: | 978-7-5640-1521-3 | |
| 000 | 00952nam0 2200253 450 | |
| 001 | 012009874796 | |
| 005 | 20090622203223.14 | |
| 010 | @a978-7-5640-1521-3@dCNY32.00 | |
| 100 | @a20090622d2008 em y0chiy0120 ea | |
| 101 | 0 | @achi |
| 102 | @aCN@b110000 | |
| 105 | @aak z 000yy | |
| 106 | @ar | |
| 200 | 1 | @a电控发动机原理与检修@Adian kong fa dong ji yuan li yu jian xiu@f赵振宁主编@Fzhao zhen ning zhu bian |
| 210 | @a北京@c北京理工大学出版社@d2008.06 | |
| 215 | @a245页@c图@d26cm | |
| 300 | @a21世纪高职高专规划教材·汽车类 | |
| 330 | @a本书主要内容包括:汽油机燃烧基本知识,传感器的工作原理与检修,点火系统的控制与检修,燃油供给系统工作原理与检修等。 | |
| 606 | 0 | @a汽车@Aqi che@x电子控制@x发动机@x理论@x高等学校@x技术学校@j教材 |
| 606 | 0 | @a汽车@Aqi che@x电子控制@x发动机@x检修@x高等学校@x技术学校@j教材 |
| 690 | @aU464@v4 | |
| 701 | 0 | @a赵振宁@Azhao zhen ning@4主编 |
| 801 | 0 | @aCN@bQSSK@c20090622 |
| 905 | @b746406-08@dU464@eZ344@f3 | |
| 电控发动机原理与检修/赵振宁主编.-北京:北京理工大学出版社,2008.06 |
| 245页:图;26cm |
| 21世纪高职高专规划教材·汽车类 |
| ISBN 978-7-5640-1521-3:CNY32.00 |
| 本书主要内容包括:汽油机燃烧基本知识,传感器的工作原理与检修,点火系统的控制与检修,燃油供给系统工作原理与检修等。 |
| ● |
| 相关链接 |
|
|
|
正题名:电控发动机原理与检修
索取号:U464/Z344
 
预约/预借
| 序号 | 登录号 | 条形码 | 馆藏地/架位号 | 状态 | 备注 |
| 1 | 746406 | 207464064 | 自科二线400A/400A自科库 25排1列1层/ [索取号:U464/Z344] | 在馆 | |
| 2 | 746407 | 207464073 | 自科库501/501自科库 56排4列1层/ [索取号:U464/Z344] | 在馆 | |
| 3 | 746408 | 207464082 | 自科库501/501自科库 56排4列1层/ [索取号:U464/Z344] | 在馆 |